000 00744nam a2200229 i 4500
001 46489
003 ES-MaACL
005 20251003063057.0
007 t|
008 030331s1966 sp ||||1| spa d
100 1 _aCongar, Yves,
_d1904-1995
_940170
245 1 0 _aJesucristo nuestro mediador, nuestro señor /
_cYves M. Congar ; [traducción León M. Sansegundo].
250 _a1ª ed.
260 _a[Barcelona] :
_bEstela,
_c[1966]
300 _a192 p. ;
_c20 cm.
490 1 _aColección "Espiritualidad" ;
_v22
600 0 4 _aJesucristo.
_966361
700 1 _aSansegundo, León María.
_9165875
830 0 _aColección "Espiritualidad" ;
_v22
_9181338
852 _aES-MaACL
_jC-30798
_bR.61419
999 _c46489
_d46489